000 01159nam a22003497a 4500
003 CHAP
005 20220329133752.0
008 971013s1981 r 00010 d
010 _a10613
011 _a11585
035 _a10824
040 _cCHAP
090 _aTesis
100 0 0 _aAcosta Zamudio, Carlos.
_9711
245 _aPlantas haploides de tabaco y trigo por cultivo de anteras
_b: la sobrevivencia del polen y la androgénesis in vitro
260 _aMéxico, D.F. :
_bEl autor,
_c1981
300 _a79 h.
_b: apénd.
500 _ac.4 en bodega
502 _aTesis (Biólogo) -- UNAM. Fac. de Ciencias
590 _aALEPH
_b10
_c20130110
_lUCH01
_h1227
590 _aBATCH-UPD
_b10
_c20130110
_lUCH01
_h2033
590 _aBATCH-UPD
_b10
_c20130410
_lUCH01
_h1349
590 _aBATCH-UPD
_b10
_c20130914
_lUCH01
_h1114
590 _aCONVERSION
_b10
_c20130109
_lUCH01
_h1307
650 1 4 _aCultivo de tejidos.
_930213
650 1 4 _aTabaco
_xGenética.
_9111222
901 _aBK
942 _cFOLL
949 _bBC
_cTES
_d-22765
_eTS1
_i10824
_si
949 _bBC
_cTES
_d-22767
_eTS2
_fc.3
_i10824
_si
949 _bBC
_cTES
_d33724000629622
_eTS2
_fc.2
_i10824
_si
999 _c10613
_d10613